Reading women's lives (Record no. 2776)

000 -LEADER
fixed length control field 00735nam a2200229 4500
003 - CONTROL NUMBER IDENTIFIER
control field OSt
005 - DATE AND TIME OF LATEST TRANSACTION
control field 20210721063114.0
008 - FIXED-LENGTH DATA ELEMENTS--GENERAL INFORMATION
fixed length control field 210721b ||||| |||| 00| 0 eng d
020 ## - INTERNATIONAL STANDARD BOOK NUMBER
International Standard Book Number 9781269771726
040 ## - CATALOGING SOURCE
Transcribing agency ALUPE UNIVERSITY
050 ## - LIBRARY OF CONGRESS CALL NUMBER
Classification number QH1453
Item number .W65 2015
110 ## - MAIN ENTRY--CORPORATE NAME
Corporate name or jurisdiction name as entry element Women's Studies 1020E, 2014-2015
245 ## - TITLE STATEMENT
Title Reading women's lives
260 ## - PUBLICATION, DISTRIBUTION, ETC.
Place of publication, distribution, etc. Boston, Mass. :
Name of publisher, distributor, etc. Pearson Custom Publishing,
Date of publication, distribution, etc. ©2015.
300 ## - PHYSICAL DESCRIPTION
Extent iv, 258 p. ;
Dimensions 22 cm
650 ## - SUBJECT ADDED ENTRY--TOPICAL TERM
Topical term or geographic name entry element Women's studies.
650 ## - SUBJECT ADDED ENTRY--TOPICAL TERM
Topical term or geographic name entry element Women.
650 ## - SUBJECT ADDED ENTRY--TOPICAL TERM
Topical term or geographic name entry element Feminism.
710 ## - ADDED ENTRY--CORPORATE NAME
Corporate name or jurisdiction name as entry element Ohio State University. Department of Women's Studies.
710 ## - ADDED ENTRY--CORPORATE NAME
Corporate name or jurisdiction name as entry element University of Western Ontario. Department of Women's Studies and Feminist Research.
942 ## - ADDED ENTRY ELEMENTS (KOHA)
Source of classification or shelving scheme
Koha item type Book
Suppress in OPAC SO
Holdings
Withdrawn status Lost status Source of classification or shelving scheme Damaged status Not for loan Permanent Location Current Location Shelving location Date acquired Source of acquisition Total Checkouts Full call number Barcode Date due Date last seen Date last checked out Price effective from Koha item type Public note
          AU LIBRARY AU LIBRARY Open Shelf 21.07.2021 DONATION FROM MOI UNIVERSITY 1 QH1453 .W65 2015 28000719 31.12.2023 01.12.2023 01.12.2023 21.07.2021 Book SO

Powered by Koha